| 000 | 01339nam a2200265Ia 4500 | ||
|---|---|---|---|
| 003 | Ost | ||
| 005 | 20260507075356.0 | ||
| 008 | 260507s9999||||xx |||||||||||||| ||und|| | ||
| 020 | _a4182610977 | ||
| 040 | _cfsecg | ||
| 041 | _aara | ||
| 082 | _a330 | ||
| 100 |
_aالسيسي، صلاح الدين حسن _eمؤلف |
||
| 245 | 0 |
_aقضايا مصرفية معاصرة : _bالإئتمان المصرفي، الضمانات المصرفية، الإعتمادات المستندية / _c صلاح الدين حسن السيسي |
|
| 246 | _a Contemporary banking issues: benking credit and facilities letters of guarante letters of credit | ||
| 260 |
_aالقاهرة: _bدار الفكر العربي, _c2004 |
||
| 300 |
_a310 صفحة؛ _bإيضاحات ؛ _c25 سم |
||
| 490 | _aدراسات نظرية وتطبيقية | ||
| 504 | _aمراجع كشاف مصطلحات ص.304 كتاب باللغة العربية و الانجليزية | ||
| 520 | _aالإئتمان المصرفي- الضمانات المصرفية- خطابات ودورها في النشاط الإقتصادي- أنواع خطابات الضمان- الإعتمادات المستندية | ||
| 653 | _aاقتصاديات البنوك | ||
| 653 | _aالمؤسسات المالية | ||
| 653 | _aمصارف الإئتمان | ||
| 942 | _cكتاب | ||
| 999 |
_c44217 _d44217 |
||